Geography True or False - Click Quiz - Statistics

General Stats
  • This quiz has been taken 86 times
  • The average score is 14 of 20
Answer Stats
Hint Answer % Correct
Poland was never occupied by any country False
92%
Lesotho is completely surrounded by 1 country True
92%
There is a country that is 1 letter different from Ireland True
88%
France borders 2 South American countries True
88%
Denmark borders Sweden by a bridge True
85%
There are more countries in Asia than Africa False
83%
Liechtenstein is the only doubly landlocked country in the world False
83%
Africa is larger than Russia True
83%
Russia is larger than Antarctica True
79%
Egypt has land in Asia True
74%
Papua New Guinea is the only Oceanic country with a land border True
70%
Equatorial Guinea's capital is on an island True
70%
Taiwan is recognized by most countries in the world False
62%
Eswatini only borders 1 country False
62%
India has never landed on the moon False
61%
There are 3 country that include X in their name False
56%
Only 1 country has purple on its flag False
44%
Japan borders the Yellow Sea False
39%
Greenland is smaller than Algeria True
39%
Senegal is larger than Jordan False
35%
No matching quizzes found
Score Distribution
Percent of People with Each Score
Percentile by Number Answered
Your Score History
You have not taken this quiz